Central Library OPAC University of Rajshahi

Selected studies of migration since World War II / (Record no. 33932)

MARC details
000 -LEADER
fixed length control field 00979nam a2200277 i 4500
001 - CONTROL NUMBER
control field 33932
003 - CONTROL NUMBER IDENTIFIER
rucl marc code BD-RjUL
005 - DATE AND TIME OF LATEST TRANSACTION
control field 20211209052100.0
008 - FIXED-LENGTH DATA ELEMENTS--GENERAL INFORMATION
fixed length control field 140512s1958 xx ab 000 0 eng d
035 ## - SYSTEM CONTROL NUMBER
System control number (BD-RjUL)34024
040 ## - CATALOGING SOURCE
Original cataloging agency CWR
Transcribing agency CWR
Modifying agency m/c
-- RCD
-- BD-RjUL
Language of cataloging eng
041 ## - LANGUAGE CODE
Language code of text/sound track or separate title eng
082 ## - DEWEY DECIMAL CLASSIFICATION NUMBER
Classification number 304.82952
Author mark and year MIS 1958
090 ## - LOCALLY ASSIGNED LC-TYPE CALL NUMBER (OCLC); LOCAL CALL NUMBER (OCLC)
Classification number (OCLC) (R) ; Classification number, CALL (RLIN) (NR) JV6033
Local cutter number (OCLC) ; Book number/undivided call number, CALL (RLIN) .M638
099 ## - LOCAL FREE-TEXT CALL NUMBER (OCLC)
Bangla Class number JV6033.M638
110 2# - MAIN ENTRY--CORPORATE NAME
Corporate name or jurisdiction name as entry element Milbank Memorial Fund.
9 (RLIN) 103111
245 10 - TITLE STATEMENT
Title Selected studies of migration since World War II /
Remainder of title proceedings of the thirty-fourth annual conference of the Milbank Memorial Fund, held October 30-31, 1957, at the New York Academy of Medicine, Part III.
260 ## - PUBLICATION, DISTRIBUTION, ETC. (IMPRINT)
Place of publication, distribution, etc. New York :
Name of publisher, distributor, etc. The Fund,
Date of publication, distribution, etc. 1958.
300 ## - PHYSICAL DESCRIPTION
Pagination 244 p. :
Illustrations ill. ;
Size 23 cm.
504 ## - BIBLIOGRAPHY, ETC. NOTE
Bibliography, etc Includes bibliography.
650 #0 - SUBJECT ADDED ENTRY--TOPICAL TERM
Topical term or geographic name as entry element Emigration and immigration.
9 (RLIN) 103090
Topical term or geographic name as entry element Migration, Internal
Geographic subdivision Japan.
9 (RLIN) 103110
651 #0 - SUBJECT ADDED ENTRY--GEOGRAPHIC NAME
Geographic name United States
General subdivision Emigration and immigration.
9 (RLIN) 15015
942 ## - ADDED ENTRY ELEMENTS (KOHA)
Source of classification or shelving scheme Dewey Decimal Classification
Koha item type Books
949 ## - LOCAL PROCESSING INFORMATION (OCLC)
a MYGR
Holdings
Lost status Source of classification or shelving scheme Damaged status Not for loan Collection code Permanent Location Current Location Shelving location Date acquired Source of acquisition Cost, normal purchase price Total Checkouts Full call number Date last seen Copy number Koha item type
  Dewey Decimal Classification   Not For Loan Non-fiction Central Library, University of Rajshahi Central Library, University of Rajshahi Reading Room 12/03/1964 Zitlinger 9.00   304.82952 MIS 1958 12/05/2014 C-1 Books